[Event "4NCL 1996/97"]
[Site "Various Venues"]
[Date "1996.10.19"]
[Round "1.95"]
[White "Cafferty, Bernard"]
[Black "Wall, Gavin"]
[Result "1/2-1/2"]
[WhiteElo "2240"]
[BlackElo "2305"]
[PlyCount "68"]
[EventDate "1996.10.19"]
[EventType "team-match"]
[EventRounds "12"]
[EventCountry "GBR"]
[SourceTitle "BritBase"]
[Source "John Saunders"]
[SourceDate "2024.09.18"]
[SourceVersion "1"]
[SourceVersionDate "2024.09.18"]
[SourceQuality "1"]
[WhiteTeam "British Chess Magazine"]
[BlackTeam "Richmond"]
[WhiteTeamCountry "ENG"]
[BlackTeamCountry "ENG"]

1. e4 e5 2. Nf3 d6 3. d4 exd4 4. Nxd4 Nf6 5. Nc3 Be7 6. Bc4 O-O 7. O-O a6 8. Re1 c5 9. Nf5 Bxf5 10. exf5 b5 11. Bd5 Ra7 12. Bf3 Nbd7 13. Bf4 Nb6 14. g4 b4 15. Nd5 Nfxd5 16. Bxd5 Bf6 17. Rb1 Bd4 18. Qf3 Qf6 19. Be4 g5 20. c3 d5 21. Bxd5 Nxd5 22. Qxd5 Rd8 23. Qf3 bxc3 24. bxc3 Bxc3 25. Bxg5 Qxg5 26. Qxc3 Qxg4+ 27. Qg3 Qxg3+ 28. fxg3 Kg7 29. Rbc1 Rd2 30. Rf1 Rb7 31. Rf2 Rbb2 32. Rxd2 Rxd2 33. Rxc5 Rxa2 {end of game in some sources} 34. Rc6 a5 {Source: Bernard Cafferty  scorebook} 1/2-1/2

[Event "4NCL 1996/97"]
[Site "Various Venues"]
[Date "1996.10.20"]
[Round "2.23"]
[White "Neil, David R"]
[Black "Giddins, Stephen W"]
[Result "1/2-1/2"]
[WhiteElo "2295"]
[BlackElo "2345"]
[PlyCount "100"]
[EventDate "1996.10.19"]
[EventType "team-match"]
[EventRounds "12"]
[EventCountry "GBR"]
[SourceTitle "BritBase"]
[Source "John Saunders"]
[SourceDate "2024.09.18"]
[SourceVersion "1"]
[SourceVersionDate "2024.09.18"]
[SourceQuality "1"]
[WhiteTeam "Wessex"]
[BlackTeam "British Chess Magazine"]
[WhiteTeamCountry "ENG"]
[BlackTeamCountry "ENG"]

1. e4 e6 2. d4 d5 3. Nc3 Bb4 4. Qd3 Ne7 5. Bd2 b6 6. exd5 exd5 7. O-O-O O-O 8. Qf3 Nbc6 9. Be3 ({The bulletin gave} 9. Bg5 {here but Steve Giddins' record  shows 9 Be3.}) 9... Be6 10. Bd3 Bxc3 11. bxc3 Qd7 12. h3 Bf5 13. Ne2 Bxd3 14. Rxd3 f6 15. Bf4 Na5 16. Qg4 Qc6 17. Re3 Rae8 18. Re1 Ng6 19. Ng3 Nc4 20. Rxe8 Rxe8 21. Rxe8+ Qxe8 22. Bd2 Nf8 23. Kd1 a5 24. Nh5 Qg6 25. Qxg6 Nxg6 26. Bc1 Kf7 27. Nf4 Nxf4 28. Bxf4 c6 29. Ke2 g5 30. Bc1 Ke6 31. Kd3 h5 32. f3 h4 33. Ke2 Kf5 34. Kd3 Nd6 35. Ke3 a4 36. Kd3 Nc4 37. Ke2 Ke6 38. Kd3 Nd6 39. Bd2 Kf5 40. Bc1 Kg6 41. Ba3 Nc4 42. Be7 b5 43. Bd8 f5 44. f4 gxf4 45. Bxh4 Kh5 46. Bf2 ({The  bulletin gave the obviously erroneous} 46. Ke2 a3 47. Kf3 Nd2+ 48. Ke2 {draw  agreed - JS}) 46... Kg5 47. Ke2 a3 48. Kf3 Nd2+ 49. Ke2 Nc4 50. Kf3 Nd2+ {Source: Steve Giddins} 1/2-1/2

[Event "4NCL 1996/97"]
[Site "Various Venues"]
[Date "1996.11.23"]
[Round "3.12"]
[White "Williams, Simon Kim"]
[Black "Pein, Malcolm"]
[Result "1-0"]
[WhiteElo "2350"]
[BlackElo "2425"]
[PlyCount "41"]
[EventDate "1996.10.19"]
[EventType "team-match"]
[EventRounds "12"]
[EventCountry "GBR"]
[SourceTitle "BritBase"]
[Source "John Saunders"]
[SourceDate "2024.09.18"]
[SourceVersion "1"]
[SourceVersionDate "2024.09.18"]
[SourceQuality "1"]
[WhiteTeam "Richmond"]
[BlackTeam "Wood Green"]
[WhiteTeamCountry "ENG"]
[BlackTeamCountry "ENG"]

1. c4 e6 2. Nc3 d5 3. d4 Nf6 4. cxd5 exd5 5. Bg5 c6 6. e3 Be7 7. Bd3 Nbd7 8. Qc2 O-O 9. Nge2 Re8 10. O-O Nf8 11. f3 Be6 12. Rad1 Qd7 $5 $146 13. Nf4 Ng6 $2 (13... Ng4 14. Bxe7 Nxe3 15. Qc1 Nxd1 16. Bxf8 Nxc3 17. Bxg7 $1 Kxg7 18. Nh5+ Kh8 19. Nf6 $1 {Qh6+-}) 14. Nxe6 Qxe6 15. Bf5 Qd6 16. e4 dxe4 ({The bulletin  gives the less probable} 16... Qd8 17. Bxf6 Bxf6 18. e5 Be7 19. e6 Rf8 20. exf7+ {1-0}) 17. fxe4 Qd8 18. Bxf6 Bxf6 19. e5 Be7 20. e6 Rf8 $2 21. exf7+ {Source: press reports} 1-0

[Event "4NCL 1996/97"]
[Site "Various Venues"]
[Date "1997.01.25"]
[Round "5.94"]
[White "Coleman, David J"]
[Black "Giddins, Stephen W"]
[Result "1/2-1/2"]
[WhiteElo "2280"]
[BlackElo "2345"]
[PlyCount "53"]
[EventDate "1996.10.19"]
[EventType "team-match"]
[EventRounds "12"]
[EventCountry "GBR"]
[SourceTitle "BritBase"]
[Source "John Saunders"]
[SourceDate "2024.09.18"]
[SourceVersion "1"]
[SourceVersionDate "2024.09.18"]
[SourceQuality "1"]
[WhiteTeam "Hertford"]
[BlackTeam "British Chess Magazine"]
[WhiteTeamCountry "ENG"]
[BlackTeamCountry "ENG"]

1. e4 e6 2. d4 d5 3. Nc3 Bb4 4. e5 c5 5. a3 Bxc3+ 6. bxc3 Ne7 7. Qg4 cxd4 8. Bd3 Qa5 9. Ne2 O-O 10. Bg5 Nbc6 11. f4 dxc3 12. O-O Ng6 13. Qh5 Qc5+ 14. Kh1 Nce7 15. Rf3 f6 16. Rh3 fxg5 17. Qxh7+ Kf7 18. Rh6 Nxf4 19. Nxf4 gxf4 20. Rf6+ Ke8 21. Qh5+ g6 22. Bxg6+ Nxg6 23. Qxg6+ Ke7 24. Qg7+ Ke8 25. Qg6+ Ke7 26. Qg7+ Ke8 27. Qg6+ {Source: Steve Giddins} 1/2-1/2

[Event "4NCL 1996/97"]
[Site "Various Venues"]
[Date "1997.03.23"]
[Round "10.24"]
[White "Corkett, Anthony R"]
[Black "Mackenzie, Colin"]
[Result "1-0"]
[WhiteElo "2285"]
[BlackElo "2096"]
[PlyCount "119"]
[EventDate "1996.10.19"]
[EventType "team-match"]
[EventRounds "12"]
[EventCountry "GBR"]
[SourceTitle "BritBase"]
[Source "John Saunders"]
[SourceDate "2024.09.18"]
[SourceVersion "1"]
[SourceVersionDate "2024.09.18"]
[SourceQuality "1"]
[WhiteTeam "Wessex"]
[BlackTeam "Na Fianna"]
[WhiteTeamCountry "ENG"]
[BlackTeamCountry "IRL"]

1. Nc3 e6 2. f4 d5 3. Nf3 Nf6 4. e3 c5 5. Ne2 Nc6 6. Ng3 Qb6 7. Be2 h5 8. d3 g6 9. c3 Bd6 10. a3 c4 11. dxc4 h4 12. Nf1 Na5 13. c5 Bxc5 14. b4 Be7 15. bxa5 Qxa5 16. Qb3 Bd7 17. a4 O-O 18. Ne5 Rfc8 19. Bb2 a6 20. Nd2 Be8 21. Nd3 Ne4 22. Nxe4 dxe4 23. Nb4 Qb6 24. a5 Qxe3 25. Nc2 Qxf4 26. c4 Rd8 27. Qc3 Qh6 28. O-O Bf8 29. Rad1 Ba4 30. Qf6 Bc5+ 31. Kh1 Rf8 32. Rf4 Be7 33. Qxe7 Qxf4 34. Rf1 Qh6 35. Nd4 Rae8 36. Qf6 e5 37. Nf5 Qh8 38. Ne7+ Rxe7 39. Qxe7 f6 40. c5 Qg7 41. Bc4+ Kh7 42. Qd6 Bc6 43. Bxe5 h3 44. Rxf6 Rxf6 45. Bxf6 Qd7 46. Qxd7+ Bxd7 47. Bd5 Bc6 48. Bxc6 bxc6 49. gxh3 Kg8 50. Bd4 Kf7 51. Kg2 Ke6 52. Kg3 Kd5 53. Be3 Kc4 54. h4 Kb4 55. Kf4 Kxa5 56. Kxe4 Kb4 57. Ke5 Kc3 58. Kd6 a5 59. Kxc6 a4 60. Kd5 1-0